Biblioteca

Liberación Sexual (Registro nro. 70019)

Detalles MARC
000 -LÍDER
Campo fijo de descripción fija 01323nab a2200241 i 4500
001 - NÚMERO DE CONTROL
Campo de control 768714001
003 - IDENTIFICADOR DEL NÚMERO DE CONTROL
Campo de control CO-MdFUSB
005 - FECHA Y HORA DE LA ULTIMA TRANSACCIÓN
control field 20240531102153.0
008 - ELEMENTOS DE LONGITUD FIJA -- INFORMACIÓN GENERAL
Campo fijo de descripción fija -- Información general 240531t1975 ag ||||| |||| 00| 0 spa d
040 ## - FUENTE DE CATALOGACIÓN
Idioma de catalogación spa
Agencia que realiza la transcripción CO-MdFUSB
Agencia que realiza la modificación CO-MdFUSB
041 ## - CÓDIGO DE IDIOMA
Código de idioma para texto/pista de sonido o título separado spa
100 ## - ASIENTO PRINCIPAL--NOMBRE PERSONAL
Nombre personal Stewart, Mary,
Fechas asociadas con el nombre 1919-1995 ‎
Término relacionador autor
245 ## - TÍTULO
Título Liberación Sexual
Mención de responsabilidad / Mary Stewart
520 ## - NOTA DE RESUMEN, ETC.
Nota de sumario, etc. Percepción de la psicóloga Mary Stewart sobre la sexualidad. Expone que ya sea que estés casado o soltero, hombre o mujer, gay o heterosexual, "donde esté tu sexualidad, allí estará tu corazón". Si nuestra sexualidad es una forma de esclavitud, obsesión, sed o eterna determina hasta qué punto hemos entregado todos nuestros deberes, talentos y debilidades a Dios. Por otro lado, señala que la complejidad de las fantasías sexuales o la fidelidad con la que nos adherimos a guiones estereotipados etiquetados como "masculinos" y "femenino".
650 #7 - ASIENTO SECUNDARIO DE MATERIA - TERMINO TEMÁTICO
Término temático o nombre geográfico como elemento de entrada Hombres
Subdivisión general Conducta sexual
9 (RLIN) 7142
650 #0 - ASIENTO SECUNDARIO DE MATERIA - TERMINO TEMÁTICO
Término temático o nombre geográfico como elemento de entrada Sexo
9 (RLIN) 1346
650 #0 - ASIENTO SECUNDARIO DE MATERIA - TERMINO TEMÁTICO
Término temático o nombre geográfico como elemento de entrada Feministas
9 (RLIN) 1011
650 #0 - ASIENTO SECUNDARIO DE MATERIA - TERMINO TEMÁTICO
Término temático o nombre geográfico como elemento de entrada Vida cristiana
9 (RLIN) 19
650 #7 - ASIENTO SECUNDARIO DE MATERIA - TERMINO TEMÁTICO
Término temático o nombre geográfico como elemento de entrada Dios
9 (RLIN) 178
773 0# - ASIENTO DE ITEM FUENTE
Biblionumber 69974
Itemnumber 82717
Lugar, editorial y fecha de publicación Buenos Aires
Otro identificador del ítem R2609
Título Certeza
Número de control del registro (CO-MdFUSB)768714001
Parte(s) relacionada(s) / Volumen., número. (mes año), páginas Número 59, (julio - septiembre, 1975) páginas: 68 - 73
Enumeración y primera página página: 68
942 ## - TIPO DE MATERIAL (KOHA)
Tipo de Item KOHA Artículos de Revista
945 ## - INFORMACIÓN LOCAL DEL REGISTRO
Catalogador Catherine Arias Álvarez - Practicante SENA

No hay ítems disponibles.

Biblioteca FUSBC | Teléfono: (57+4) 349 88 10 Ext. 141| WhatsApp (+57) 3005338115 
E-mail: biblioteca@unisbc.edu.co | Calle 76 87-14 Robledo Palenque, Medellín, Colombia

Con tecnología Koha